00805cam a2200265 i 4500001000700000003000400007005001700011008004100028010001700069020002400086040001800110043001200128050002300140082002000163245008200183250001100265260006300276300002400339440003800363500002000401504003000421610003000451700003000481700002800511883340OSt20230623121744.0801113s1981 dcu b 001 0 eng  a 80039915  a0871871629 :c$7.50 aDLCcDLCdDLC an-us---00aJK1061b.C587 198100a328.73219bCON00aCongress reconsidered /cedited by Lawrence C. Dodd and Bruce I. Oppenheimer. a2d ed. aWashington, D.C. :bCongressional Quarterly Press,cc1981. ax, 442 p. ;c23 cm. 0aPolitics and public policy series aIncludes index. aBibliography: p. 425-431.10aUnited States.bCongress.1 aDodd, Lawrence C.,d1946-1 aOppenheimer, Bruce Ian.